00541 2200169 4500001002100000008004100021035002000062245009300082100001700175260004000192300002700232020002200259084001700281082001100298650004900309990001300358INLIS000000000000251 ind  a0010-0120000251 aPendidikan Agama Islam Al-Qur'an dan HadistbMadrasah Tsanawiyah Kelas VIIIcAbdul Wadud aWadud, Abdul aSemarang :bKarya Toha Putra,c2009 aviii, 101 hlm.c26 cm. a978-602-8368-40-7 a297.12 WAD p a297.12 aAl-Qur'an dan Hadist -- Studi dan Pengajaran a21900251